Carrières de footballeurs - Spécial Belgique #2 - Statistiques

Statistiques générales
  • Ce quiz a été pris 27 fois
  • Le résultat moyen est 6 sur 15
Statistiques - réponses
Par images Réponse % Correct
Kevin De Bruyne
100%
Thibaut Courtois
100%
Axel Witsel
84%
Leandro Trossard
72%
Jan Vertonghen
64%
Simon Mignolet
52%
Radja Nainggolan
44%
Laurent Depoitre
28%
Marc Wilmots
28%
Enzo Scifo
16%
Anthony Moris
12%
Eric Gerets
12%
Sven Kums
12%
Jan Ceulemans
8%
Olivier Deschacht
8%
Aucun quiz correspondant
Distribution des résultats
% des personnes avec chaque résultat
Percentile par nombre de réponses
Votre historique - résultats
Vous n’avez pas pris ce quiz